00422 2200169 4500001002100000008004100021035002000062245003000082100001700112260003200129300002500161020002200186084001400208082000800222650001000230990001200240INLIS000000000001434 Ind  a0010-0924000031 aPusaran AmukcZaky Yamani aYamani, Zaky aJakartabPT. Gramediac2013 a424 hlm.c13 x 19 cm a978-602-03-2950-5 a813 ZAK p a813 aFiksi a0750935